Statistics for Labor & Delivery vocabulary

Click here to take the quiz!

General Stats

  • This quiz has been taken 14 times
  • The average score is 8 of 10

Answer Stats

Hint Answer % Correct
Rhythmic squeezing of the uterusContractions
100%
Temporary organ whose function is to supply nutrients to and carry waste from the developing fetusPlacenta
86%
Type of fluid that leaks out when the "water is broken"Amniotic
86%
Metal instruments sometimes used to facilitate deliveryForceps
86%
Cord that connects fetus to motherUmbilical
86%
Popular anesthetic block that provides pain relief and causes immobility during laborEpidural
79%
Physician whose specialty is pregnancy and women's healthObstetrician
71%
Baby's first stool- thick and tarryMeconium
71%
Synthetic hormone used to stimulate laborPitocin
64%
Surgical delivery through the abdomenCesarean Section
50%

Score Distribution

Percentile by Number Answered

Percent of People with Each Score

Your Score History

You have not taken this quiz